000 00620nam a2200229Ia 4500
005 20260115173932.0
008 008 260114s9999 xx 000 0 eng d
020 _a9780511978999
037 _aEBOOK
040 _aCRL
_beng
_cCRL
041 _aeng
_2eng
084 _qCRL
100 _aPollak/Ortuño/Frydman
_9893814
245 4 _aThe Electron Glass
260 _bCambridge University Press
260 _bCambridge University Press
260 _c2013
650 _aPhysics and Astronomy
_9893815
856 _uhttps://doi.org/10.1017/CBO9780511978999
942 _cEBOOK
999 _c1488610
_d1488610